00366 a2200145 4500003000400000005001700004008004100021020001800062040000900080082001500089100002400104245005000128260003300178300000900211OSt20240110135340.0240110b |||||||| |||| 00| 0 eng d a9789382581659 coclc a281bMAS/Y aMaster, Muhammadali aYESU MANUSYANO DAIVAMO? /cMuhammadali Master aKerala:bDa'wa books,c2016. a234p